000 00725 a2200241 4500
003 Nust
005 20170207154318.0
010 _a 2008042932
020 _a0470252545 (hbk. alk. paper)
020 _a9780470252543 (hbk. alk. paper)
035 _a(OCoLC)230180761
035 _a(OCoLC)ocn230180761
040 _cNust
082 0 0 _a621.3822
100 1 _aZiemer, Rodger E.
245 1 0 _aPrinciples of communications :
_bsystems, modulation, and noise /
_cRodger E. Ziemer, William H. Tranter.
250 _a6th ed.
260 _aHoboken, NJ :
_bWiley,
_cc2009.
300 _axvi, 736 p. :
_bill. ;
_c25 cm.
650 0 _aSignal theory (Telecommunication)
650 0 _aTelecommunication.
700 1 _aTranter, William H.
942 _2ddc
_cBK
999 _c196639
_d196639